Geographische Rundschau

Gespeichert in:
Bibliographische Detailangaben
Format: Schriftenreihe
Sprache:Deutsch
Veröffentlicht: Braunschweig Westermann 1981
Tags: Tag hinzufügen
Keine Tags, Fügen Sie das erste Tag hinzu!

MARC

LEADER 00000nas2a22000001 4500
001 s123302
005 20250730114217.7
041 0 |a ger 
044 |a DE 
245 1 0 |a Geographische Rundschau 
264 1 |a Braunschweig  |b Westermann  |c 1981 
300 |a 1 zv.